Statistics for JR06-JR九州の駅

Click here to take the quiz!

General Stats

  • This quiz has been taken 300 times
    (225 since last reset)
  • The average score is 278 of 619

Answer Stats

本線% Correct
門司
96%
小倉
96%
博多
95%
門司港
92%
鹿児島中央
92%
鳥栖
92%
熊本
91%
鹿児島
91%
久留米
90%
長崎
90%
大牟田
88%
川内
88%
香椎
88%
新鳥栖
88%
下関
88%
折尾
88%
佐世保
87%
枕崎
87%
大分
87%
武雄温泉
87%
諫早
87%
スペースワールド
86%
宮崎
86%
別府
85%
筑後船小屋
85%
唐津
85%
八代
85%
新八代
85%
宮崎空港
84%
三角
84%
黒崎
84%
西小倉
83%
大村
83%
佐賀
83%
南福岡
82%
新大村
81%
指宿
81%
福間
81%
嬉野温泉
80%
新玉名
79%
吉塚
79%
姪浜
79%
玉名
79%
都城
79%
荒尾
78%
戸畑
78%
赤間
78%
ハウステンボス
77%
延岡
77%
新水俣
77%
新大牟田
77%
小森江
77%
西唐津
77%
日田
77%
南宮崎
77%
江北
76%
人吉
76%
原田
76%
出水
76%
中津
76%
大野城
75%
竹下
74%
佐伯
74%
行橋
74%
筑前前原
74%
由布院
73%
八幡
73%
西大山
73%
伊万里
73%
春日
72%
福工大前
72%
肥前鹿島
72%
早岐
72%
箱崎
71%
宇土
71%
二日市
71%
西戸崎
71%
銀水
71%
遠賀川
71%
吉松
70%
宗太郎
70%
志布志
70%
田川後藤寺
69%
直方
69%
篠栗
69%
東郷
68%
千早
68%
浦上
68%
隼人
68%
基山
68%
伊集院
68%
海ノ中道
68%
阿蘇
67%
長者原
67%
海老津
67%
都府楼南
67%
串木野
67%
上熊本
67%
山川
66%
国分
66%
西都城
66%
宇佐
66%
桂川
66%
ししぶ
65%
杵築
65%
古賀
65%
有田
65%
肥後大津
65%
新宮中央
65%
宇美
65%
霧島神宮
65%
飯塚
65%
羽犬塚
65%
荒木
65%
長与
64%
九州工大前
64%
肥前旭
63%
若松
63%
吉野ヶ里公園
63%
肥前浜
63%
笹原
63%
南延岡
63%
水巻
63%
陣原
63%
城野
63%
日向市
63%
九産大前
63%
枝光
63%
別府大学
62%
南小倉
62%
東福間
61%
新飯塚
61%
竜ヶ水
61%
臼杵
61%
西大分
61%
久保田
60%
田吉
60%
長洲
60%
苅田
60%
喜々津
59%
喜入
59%
大村車両基地
59%
けやき台
59%
市来
59%
バルーンさが
59%
水前寺
59%
九大学研都市
59%
瀬高
58%
頴娃
58%
光の森
58%
宮崎神宮
57%
南熊本
57%
新水前寺
57%
夜明
57%
えびの
57%
植木
56%
西頴娃
56%
姶良
56%
大山
56%
神埼
55%
南鹿児島
55%
教育大前
55%
都農
54%
田原坂
54%
佐土原
54%
豊後竹田
54%
東唐津
54%
日出
54%
豊後森
54%
日南
54%
谷山
54%
津久見
53%
柳ヶ浦
53%
吉野
53%
高鍋
53%
西熊本
53%
久留米大学前
52%
幸崎
52%
うきは
52%
水城
51%
肥前大浦
51%
中山香
51%
虹ノ松原
51%
松橋
51%
平成
51%
肥前白石
51%
田代
50%
小林
50%
肥前麓
50%
筑前深江
50%
千鳥
50%
重岡
50%
石打ダム
50%
竹松
50%
南瀬高
49%
新田原
49%
隈之城
49%
東中津
49%
肥前竜王
49%
和白
49%
弥生が丘
49%
宇島
49%
上伊集院
49%
南荒尾
49%
大畑
48%
天拝山
48%
大塔
48%
田川伊田
48%
亀川
48%
崇城大学前
47%
久留米高校前
47%
山本
47%
糸島高校前
47%
郡元
47%
大分大学前
47%
鍋島
47%
南行橋
46%
東市来
46%
西諫早
46%
鶴崎
46%
北延岡
46%
西牟田
46%
中間
45%
朽網
45%
南郷
45%
宮地
45%
吉富
45%
多良
45%
立野
45%
多久
45%
日宇
44%
下曽根
44%
嘉例川
44%
添田
44%
現川
44%
青島
44%
南大分
43%
加治木
43%
彼杵
43%
上有田
43%
彦山
43%
三重町
43%
下山門
43%
肥前七浦
42%
南久留米
42%
周船寺
42%
大町
42%
小城
42%
木葉
42%
神村学園前
42%
東別府
42%
田野
42%
油津
42%
雁ノ巣
41%
筑後吉井
41%
小波瀬西工大前
41%
香椎神宮
41%
大隅大川原
41%
肥前古賀
41%
有佐
40%
筑前大分
40%
開聞
40%
大在
40%
千丁
40%
真幸
39%
清武
39%
渡瀬
39%
西浦上
39%
暘谷
39%
日向新富
38%
子供の国
38%
一勝地
38%
築城
38%
霧島温泉
38%
採銅所
38%
宇宿
38%
肥後伊倉
38%
錦江
38%
富合
38%
南風崎
38%
中判田
38%
小川
38%
須恵
38%
東諫早
38%
川尻
38%
38%
柚須
38%
38%
須恵中央
37%
肥前飯田
37%
市棚
37%
湯江
37%
城戸南蔵院前
37%
大神
37%
慈眼寺
37%
高橋
37%
門川
36%
志井公園
36%
重富
36%
上臼杵
36%
広木
36%
安部山公園
36%
帖佐
36%
田主丸
36%
市布
36%
今宿
36%
中原
36%
小長井
35%
坂本
35%
筑前山家
35%
今津
35%
福島高松
35%
財部
35%
伊賀屋
34%
大野下
34%
飫肥
34%
豊後豊岡
34%
筑前山手
34%
中多久
33%
木場茶屋
33%
豊前善光寺
33%
東都農
33%
日向住吉
33%
薩摩松元
33%
川棚
33%
東開聞
33%
薩摩今和泉
33%
光岡
33%
五位野
33%
赤水
32%
志井
32%
浅海井
32%
武蔵塚
32%
上伊万里
32%
美々津
32%
天津
32%
千綿
32%
諏訪
32%
豊前松江
32%
西小林
32%
三股
32%
高原
31%
豊前長洲
31%
串間
31%
天ヶ瀬
31%
肥前長田
31%
椎田
31%
福島今町
31%
高城
31%
北郷
31%
牛津
31%
香春
31%
京町温泉
31%
北川
31%
日向沓掛
31%
坂之上
31%
西里
30%
青井岳
30%
二月田
30%
南由布
30%
西人吉
30%
九郎原
30%
東海学園前
30%
立石
30%
土井
29%
土々呂
29%
薩摩板敷
29%
球泉洞
29%
波多江
29%
小江
29%
原町
29%
向之原
29%
豊後中村
29%
矢岳
28%
大隅夏井
28%
西屋敷
28%
栗野
28%
庄内
28%
東水巻
28%
歓遊舎ひこさん
27%
豊後荻
27%
東園
27%
善導寺
27%
坂ノ市
27%
湯平
27%
高田
27%
上岡
27%
犬飼
27%
直見
27%
直川
27%
山之口
27%
佐志生
26%
日向長井
26%
頴娃大川
26%
奈多
26%
南日向
26%
門松
26%
和多田
26%
中福良
26%
厳木
26%
筑後大石
26%
浜崎
26%
蓮ヶ池
25%
美咲が丘
25%
えびの飯野
25%
岩松
25%
筑前垣生
25%
松原
25%
瀬々串
25%
三毛門
25%
本牟田部
25%
住吉
25%
25%
網田
25%
筑前岩屋
25%
緒方
25%
湯之元
25%
大隅横川
24%
奥洞海
24%
東多久
24%
筑前植木
24%
豊前川崎
24%
舞松原
24%
筑前内野
24%
鬼塚
24%
えびの上江
24%
新原
24%
小串郷
24%
加納
24%
川南
24%
小竹
24%
豊後国分
23%
一貴山
23%
白石
23%
本川内
23%
伊賀
23%
北永野田
23%
白沢
23%
原水
23%
日当山
23%
瀬田
23%
石田
23%
表木山
23%
天道
23%
古国府
22%
平川
22%
筑後草野
22%
北方
22%
三河内
22%
水成川
21%
加布里
21%
道ノ尾
21%
大草
21%
鶴丸
21%
恵良
21%
いこいの村
21%
東高崎
21%
熊崎
21%
海崎
21%
松ヶ浦
21%
薩摩川尻
21%
餅原
21%
御領
21%
宮ヶ浜
21%
酒殿
20%
肥前久保
20%
西添田
20%
三間坂
20%
鯰田
20%
滝尾
20%
石垣
20%
日代
20%
長里
20%
竜田口
20%
木花
20%
中名
20%
運動公園
20%
三里木
20%
永尾
20%
五十市
20%
高崎新田
19%
大入
19%
相知
19%
鹿家
19%
御井
19%
入野
19%
旭ヶ丘
19%
波野
19%
財光寺
19%
生見
19%
薩摩塩屋
19%
呼野
19%
前之浜
19%
肥後長浜
19%
大堂津
18%
天神山
18%
福吉
18%
鞍手
18%
狩生
18%
上穂波
18%
豊後中川
18%
豊後清川
18%
本城
17%
新入
17%
日向前田
17%
万ヶ塚
17%
二島
17%
内牧
17%
伊比井
17%
赤瀬
17%
小内海
17%
下ノ江
17%
北俣
17%
石原町
17%
葉木
17%
内海
17%
折生迫
17%
豊後三芳
16%
竹中
16%
勝野
16%
肥前長野
16%
西相知
16%
宝珠山
16%
日向北方
16%
日向大束
16%
下鴨生
16%
吉尾
16%
浦田
15%
鎌瀬
15%
賀来
14%
北山田
14%
瀬戸石
14%
敷戸
14%
引治
14%
緑川
14%
植村
14%
筑前庄内
14%
野矢
14%
佐里
13%
海路
13%
大川野
13%
桃川
13%
金石原
13%
那良口
13%
鬼瀬
13%
小野屋
13%
朝地
13%
曽山寺
13%
南方
13%
今山
13%
谷之口
13%
大行司
13%
豊前桝田
13%
波多浦
13%
日向庄内
13%
谷頭
13%
一本松
12%
広原
12%
藤ノ木
12%
市ノ川
12%
玉来
12%
上三緒
12%
駒鳴
11%
船尾
11%
岩屋
11%
榎原
10%
滝水
10%
杉河内
10%
大鶴
10%
菅尾
9%
内之田
9%
池尻
8%

Score Distribution

Percentile by Number Answered

Percent of People with Each Score

Your Score History

You have not taken this quiz since the last reset